Statistiken für Fußball Weltmeisterschaft der Männer - Torschützenkönige

Klicken Sie hier um das Quiz zu spielen!

Allgemein

  • Dieses Quiz wurde 869 mal gespielt
    (125 seit der letzten Aktualisierung)
  • Das Durchschnittsergebnis liegt bei 10 aus 23

Antwortstatistiken

JahrNationAntwort% Korrekt
1970DeutschlandGerd Müller
97%
2010DeutschlandThomas Müller
97%
2018EnglandHarry Kane
96%
2022FrankreichKylian Mbappé
96%
2006DeutschlandMiroslav Klose
95%
2002BrasilienRonaldo
94%
2014KolumbienJames Rodriguez
87%
1998KroatienDavor Suker
55%
1966PortugalEusébio
54%
1994BulgarienChristo Stoitschkow
51%
1958FrankreichJust Fontaine
32%
1962BrasilienGarrincha
30%
1986EnglandGary Lineker
28%
1982ItalienPaolo Rossi
27%
1978ArgentinienMario Kempes
15%
1974PolenGrzgegorz Lato
13%
1954UngarnSándor Kocsis
13%
1994RusslandOleg Salenko
9%
1990ItalienSalvatore Schillaci
9%
1950BrasilienAdemir
4%
1930ArgentinienGuillermo Stábile
3%
1938BrasilienLeônidas
3%
1934TschecheslowakeiOldrich Nejedly
1%

Verteilung der Resultate

Perzentil nach korrekt beantworteten Fragen

Anzahl Personen mit jedem Resultat

Ihre Resultats-Entwicklung

Sie haben dieses Quiz seit der letzten Aktualisierung nicht gespielt